Návrh LQG regulátora

Gespeichert in:
Bibliographische Detailangaben
1. Verfasser: Skučka, Lukáš (Verfasst von)
Weitere Verfasser: Kozáková, Alena (Betreuung Doktorarbeit)
Format: Manuskript Buch
Sprache:Slowakisch
Veröffentlicht: Bratislava : STU v Bratislave FEI, 2023
Schlagworte:
Online-Zugang:https://opac.crzp.sk/?fn=detailBiblioFormChildOSE17&sid=EC7951772ACC837B5C7BC5A56A1E&seo=CRZP-detail-kniha
Tags: Tag hinzufügen
Keine Tags, Fügen Sie das erste Tag hinzu!

MARC

LEADER 00000ntm a22000003a 4500
001 stuzp94218
003 SK-STU
005 20241205152439.8
007 ta
008 150427s2015----xo-----f-mn---000-0-slo-d
040 |a STU  |b slo 
041 0 |a slo 
044 |a xo 
100 1 |a Skučka, Lukáš  |u 030400  |4 aut  |U FEI Fakulta elektrotechniky a informatiky  |T FEI Ústav automobilovej mechatroniky  |X 98007  |U E400  |Y 642  |7 98007 
242 0 1 |a LQG controller design  |y eng 
245 1 0 |a Návrh LQG regulátora 
260 |a Bratislava :  |b STU v Bratislave FEI,  |c 2023 
300 |a 95 s. 
650 4 |a lineárny model  |2 slo 
650 4 |a LQ regulátor  |2 slo 
650 4 |a stavový model  |2 slo 
650 4 |a nelineárny model  |2 slo 
650 4 |a magnetická levitácia  |2 slo 
650 4 |a Kalmanov filter  |2 slo 
650 4 |a magnetic levitation  |2 eng 
650 4 |a nonlinear model  |2 eng 
650 4 |a state space model  |2 eng 
650 4 |a linear model  |2 eng 
650 4 |a LQ controller  |2 eng 
650 4 |a Kalman filter  |2 eng 
700 1 |a Kozáková, Alena  |u 030400  |k Z1  |4 ths  |U FEI Fakulta elektrotechniky a informatiky  |T FEI Ústav automobilovej mechatroniky  |X 4939  |U E400  |Y 642  |7 A000004939 
856 4 |u https://opac.crzp.sk/?fn=detailBiblioFormChildOSE17&sid=EC7951772ACC837B5C7BC5A56A1E&seo=CRZP-detail-kniha